<?xml version="1.0" encoding="UTF-8"?>
<record
    xmlns:xsi="http://www.w3.org/2001/XMLSchema-instance"
    xsi:schemaLocation="http://www.loc.gov/MARC21/slim http://www.loc.gov/standards/marcxml/schema/MARC21slim.xsd"
    xmlns="http://www.loc.gov/MARC21/slim">

  <leader>02942nam a22002177a 4500</leader>
  <controlfield tag="003">OSt</controlfield>
  <controlfield tag="005">20240408090610.0</controlfield>
  <controlfield tag="008">230905s2018    sp ||||| |||| 00| 0 spa d</controlfield>
  <datafield tag="020" ind1=" " ind2=" ">
    <subfield code="a">9788449326561</subfield>
  </datafield>
  <datafield tag="040" ind1=" " ind2=" ">
    <subfield code="b">spa</subfield>
    <subfield code="c">besoc</subfield>
  </datafield>
  <datafield tag="100" ind1="1" ind2=" ">
    <subfield code="a">Acaso, Mar&#xED;a </subfield>
    <subfield code="e">autor</subfield>
  </datafield>
  <datafield tag="245" ind1="1" ind2="3">
    <subfield code="a">El lenguaje visual /</subfield>
    <subfield code="c">Mar&#xED;a Acaso </subfield>
  </datafield>
  <datafield tag="250" ind1=" " ind2=" ">
    <subfield code="a">1a ed.</subfield>
  </datafield>
  <datafield tag="260" ind1=" " ind2=" ">
    <subfield code="a">Barcelona :</subfield>
    <subfield code="b">Paid&#xF3;s, </subfield>
    <subfield code="c">2018</subfield>
  </datafield>
  <datafield tag="300" ind1=" " ind2=" ">
    <subfield code="a">163 p.</subfield>
  </datafield>
  <datafield tag="490" ind1=" " ind2=" ">
    <subfield code="3">Paid&#xF3;s Est&#xE9;tica </subfield>
  </datafield>
  <datafield tag="505" ind1=" " ind2=" ">
    <subfield code="a">Pr&#xF3;logo -- Introducci&#xF3;n -- Cap. 1: Del lenguaje visual al mensaje visual; Fundamentos del lenguaje visual; Introducci&#xF3;n a la comunicaci&#xF3;n; De la comunicaci&#xF3;n general a la comunicaci&#xF3;n visual; &#xBF;Qu&#xE9; es el lenguaje visual?; Una imagen no es realidad; Aproximaci&#xF3;n a una definici&#xF3;n del t&#xE9;rmino imagen;  El discurso connotativo como base del lenguaje visual; La importancia del contexto; El fen&#xF3;meno obra abierta; El mensaje visual -- Cap. 2: Herramientas del mensaje visual; Herramientas de configuraci&#xF3;n; El tama&#xF1;o; La forma; El color; La iluminaci&#xF3;n; La textura; Herramientas de Organizaci&#xF3;n; La composici&#xF3;n; La retorica visual; Aprender a ver como es aprender a conducir -- Capitulo 3: Tipos de representaciones mediante el lenguaje visual; Tipos de representaciones visuales seg&#xFA;n las caracter&#xED;sticas f&#xED;sicas del soporte; Las representaciones visuales bidimensionales; Las representaciones visuales tridimensionales; Tipos de representaciones visuales seg&#xFA;n su funci&#xF3;n; Las representaciones visuales informativas ; Las representaciones visuales comerciales; Las representaciones visuales de car&#xE1;cter art&#xED;stico; La funci&#xF3;n de una imagen depende del contexto -- Cap. 4: Una propuesta de an&#xE1;lisis; Del an&#xE1;lisis a la comprensi&#xF3;n: una propuesta para llegar al mensaje; Primer paso: clasificaci&#xF3;n del producto visual; Segundo paso: estudio del contenido de un producto visual; Tercer paso: estudio del contexto; Cuarto paso: enunciaci&#xF3;n de los mensajes, manifiesto y latente -- Para saber m&#xE1;s.- </subfield>
  </datafield>
  <datafield tag="520" ind1=" " ind2=" ">
    <subfield code="a">&#xBF;Por qu&#xE9; la se&#xF1;al de prohibido es roja? &#xBF;por qu&#xE9; el bueno de la pel&#xED;cula sale en el cartel mirando de izquierda a derecha? &#xBF;Por qu&#xE9; el espejo del fondo es el elemento m&#xE1;s importante de Las Meninas? Mientras que el campo de la imagen abarca s&#xF3;lo los productos visuales bidimensionales, en la presente obra veremos que el lenguaje visual es una herramienta de comunicaci&#xF3;n que se maneja pr&#xE1;cticamente en todos los &#xE1;mbitos profesionales y en todas las dimensiones. Este libro representa una visi&#xF3;n clara de cuales son los recursos empleados en la creaci&#xF3;n de una representaci&#xF3;n visual y del tipo de representaciones que se crean mediante dichas herramientas. Para concluir, se propone un sencillo sistema de an&#xE1;lisis. Dirigida a estudiantes y publico interesado, esta obra es una perfecta introducci&#xF3;n a las t&#xE9;cnicas y herramientas de la expresi&#xF3;n visual. [Nota del editor]  </subfield>
  </datafield>
  <datafield tag="650" ind1=" " ind2=" ">
    <subfield code="a">Comunicaci&#xF3;n</subfield>
    <subfield code="x">Lenguaje visual </subfield>
  </datafield>
  <datafield tag="942" ind1=" " ind2=" ">
    <subfield code="2">udc</subfield>
    <subfield code="c">LPD</subfield>
    <subfield code="n">0</subfield>
  </datafield>
  <datafield tag="999" ind1=" " ind2=" ">
    <subfield code="c">63</subfield>
    <subfield code="d">63</subfield>
  </datafield>
  <datafield tag="952" ind1=" " ind2=" ">
    <subfield code="0">0</subfield>
    <subfield code="1">0</subfield>
    <subfield code="2">udc</subfield>
    <subfield code="4">0</subfield>
    <subfield code="7">0</subfield>
    <subfield code="8">CG</subfield>
    <subfield code="a">ESOCIALES</subfield>
    <subfield code="b">ESOCIALES</subfield>
    <subfield code="d">2023-09-05</subfield>
    <subfield code="l">0</subfield>
    <subfield code="o">316.77 AC168</subfield>
    <subfield code="p">000785</subfield>
    <subfield code="r">2023-09-05 00:00:00</subfield>
    <subfield code="w">2023-09-05</subfield>
    <subfield code="y">LPD</subfield>
  </datafield>
</record>
